Teddy Swims, Tones and I, David Guetta: Gone Gone Gone - Statistics

General Stats
  • This quiz has been taken 2 times
  • The average score is 297 of 366
Answer Stats
Answer % Correct
A
100%
But
100%
Done
100%
Fire
100%
Flame
100%
Gone
100%
I
100%
In
100%
Just
100%
Know
100%
Love
100%
Me
100%
My
100%
Name
100%
No
100%
Now
100%
Ocean
100%
Oh
100%
Scream
100%
That
100%
The
100%
To
100%
Want
100%
Way
100%
We
100%
Were
100%
We’re
100%
When
100%
You
100%
Your
100%
You’re
100%
Ah
50%
All
50%
And
50%
Drive
50%
For
50%
Freedom
50%
From
50%
Full
50%
Game
50%
Had
50%
Hey
50%
I’ll
50%
Impossible
50%
Insane
50%
Keep
50%
Leave
50%
Like
50%
Lovin
50%
Made
50%
Moth
50%
Movie
50%
Need
50%
Oil
50%
On
50%
Only
50%
Out
50%
Pain
50%
Playing
50%
Put
50%
Reckless
50%
Sequel
50%
Start
50%
Tame
50%
Wall
50%
Was
50%
Yeah
50%
About
0%
Acting
0%
Bad
0%
Blame
0%
Closed
0%
Dark
0%
Eyes
0%
Good
0%
Headed
0%
Heart
0%
Hold
0%
It
0%
It’s
0%
Knew
0%
Light
0%
Loved
0%
Madness
0%
Mark
0%
Of
0%
Runnin
0%
Running
0%
Scenes
0%
Something
0%
Special
0%
Speed
0%
Take
0%
This
0%
Through
0%
Us
0%
No matching quizzes found
Score Distribution
Percent of People with Each Score
Percentile by Number Answered
Your Score History
You have not taken this quiz